Bertrand Russell empirista : (Record no. 5587)

MARC details
000 -CABECERA
campo de control de longitud fija 00601nam a2200181 a 4500
005 - FECHA Y HORA DE LA ÚLTIMA TRANSACCIÓN
campo de control 20210223120706.0
008 - ELEMENTOS DE LONGITUD FIJA--INFORMACIÓN GENERAL
campo de control de longitud fija 991125s1975 mx 000 0 spa u
035 ## - NÚMERO DE CONTROL DEL SISTEMA
Número de control de sistema UPN01000005587
049 ## - COLECCIÓN
Colección CG
050 #4 - SIGNATURA TOPOGRÁFICA DE LA BIBLIOTECA DEL CONGRESO
Número de clasificación B1649 R94
Número de documento/Ítem P3.28
100 1# - ASIENTO PRINCIPAL--NOMBRE PERSONAL
Nombre de persona Palazón Mayoral, María Rosa,
Fechas asociadas al nombre 1945-
9 (RLIN) 42140
245 10 - MENCIÓN DE TÍTULO
Título Bertrand Russell empirista :
Resto del título las ideas /
Mención de responsabilidad, etc. María Rosa Palazón Mayoral.
260 ## - PUBLICACIÓN, DISTRIBUCIÓN, ETC.
Lugar de publicación, distribución, etc. México :
Nombre del editor, distribuidor, etc. UNAM, Facultad de Filosofía y Letras,
Fecha de publicación, distribución, etc. 1975.
300 ## - DESCRIPCIÓN FÍSICA
Extensión 209 p.
440 #0 - MENCIÓN DE SERIE/ASIENTO SECUNDARIO--TÍTULO
Título Seminario de teoría del conocimiento
600 14 - ASIENTO SECUNDARIO DE MATERIA - NOMBRE PERSONAL
Nombre de persona RUSSELL, BERTRAND ARTHUR WILLIAM,
Fechas asociadas al nombre 1872-1970
905 ## - TIPO DE MATERIAL
Tipo de material Libro
Holdings
Estado de retiro Estado de pérdida Fuente del sistema de clasificación o colocación Estado dañado No para préstamo Código de colección Localización permanente Ubicación/localización actual Ubicación en estantería Total de préstamos Clasificación Código de barras Fecha visto por última vez Número de copia Tipo de ítem Koha Fecha de adquisición Fecha del último préstamo Precio válido a partir de
    Library of Congress Classification     Colección General Bib. Gregorio Torres Quintero Bib. Gregorio Torres Quintero Planta baja 4 B1649 R94 P3.28 26589 31/12/2020 1 Libro      
    Library of Congress Classification     Colección General Bib. Gregorio Torres Quintero Bib. Gregorio Torres Quintero   1 B1649 R94 P3.28 339162 28/04/2025 Ej.2 Libro 25/04/2024 31/03/2025 25/04/2024